Socialist affairs and Women & politics (Record no. 11363)

MARC details
000 -BAŞLIK
Sabit Uzunlukta Kontrol Alanı 01704na a2200445 4500
001 - KONTROL NUMARASI
Denetim Alanı 21797
003 - KONTROL NUMARASI IDENTIFIER
Denetim Alanı MIRAKIL
005 - SON İŞLEM TARİHİ VE ZAMANI
Denetim Alanı 20181226092843.0
008 - SABİT-BOY VERİ ELEMANLARI - GENEL BİLGİLER
Sabit Uzunlukta Kontrol Alanı 170215b tu n0 0 0
022 ## - ULUSLARARASI STANDART SERİ NUMARASI
Uluslararası Standart Süreli Yayın Numarası 0049-0946
035 ## - SİSTEM KONTROL NUMARASI
Sistem Kontrol Numarası 21797
040 ## - KATALOGLAMA KAYNAK
Orijinal Kataloglama Ajansı Milas
Kataloglama Dili tur
Metne Dönüştürmek Ajansı TR-AnCHP
041 ## - DİL KODU
Metin / Ses Parça Veya Ayrı Başlığın Dil Kodu eng
082 ## - DEWEY ONLU SINIFLANDIRMA NUMARASI
Sınıflandırma Numarası CHP 050
Ürün Numarası SOC 1990-2003
090 ## - SINIFLAMA NUMARASI
Sınıflama Numarası 050 DER 11
210 ## - KISA ADI
Kısaltılmış Başlık Social. aff
222 ## - ANAHTAR ADI
Anahtar Başlık Socialist affairs
245 ## - BAŞLIK TABLOSU
Başlık Socialist affairs and Women & politics
246 ## - UNVAN FORM VARYING
Başlık Doğru / Kısa Başlığı Women and politics
246 ## - UNVAN FORM VARYING
Başlık Doğru / Kısa Başlığı Socialist affairs dergisi
246 ## - UNVAN FORM VARYING
Başlık Doğru / Kısa Başlığı Women & politics dergisi
260 ## - YAYIN, DAĞITIM, VB
Yayın, Dağıtım, Vb Yeri London
Yayıncı, Dağıtıcı, Vs Adı Socialist International
Yayın, Dağıtım, Vb Tarihi 1990-c2003
300 ## - FİZİKSEL TANIM
Kapsam c.
Diğer Fiziksel Ayrıntıları res.
Boyutlar 30 sm.
362 ## - YAYIN VE / VEYA SIRALI GÖREVLENDİRİLMESİNE TARİHLERİ
Yayın Ve / Veya Ardışık Kullanım Amacı Tarihleri 2. sayı (1990)- c.50, sayı 1
500 ## - GENEL NOT
Genel Not Sol görüşlü siyasi dergi
500 ## - GENEL NOT
Genel Not Sosyalis Enternasyonal'in yayın organıdır.
500 ## - GENEL NOT
Genel Not Mevcut sayılar: (2) 1990; (3) 1990; (4) 1990; (2) 1991; (3) 1991; (4) 1991; (2) 1992; (3) 1992; (4) 1992; (1) 1993; (2) 1993; (3) 1993; (1) 1994; (2) 1994; (4) 1994; (1) 1995; (2-3) 1996; (4) 1996; (1) 1997; (s.1, c.48) 1999; (s.2, c.48) 1999; (s.1 c.49) 2000; (s.3-4, c.48) 2000; (s.4, c.49) 2002
610 ## - KONU KATMA GİRİŞ - TOPLANTI ADI
Giriş Elemanı Olarak Kurumsal Ad Veya Yargı Alanı Adı Sosyalist Enternasyonal
Biçim Alt Bölümü Süreli yayınlar
650 ## - KONU KATMA GİRİŞ - TOPİKAL DÖNEM
Topikal Süreli Veya Coğrafi Ad Giriş Elemanı Sosyalizm
Genel Alt Bölümü Süreli yayınlar
650 ## - KONU KATMA GİRİŞ - TOPİKAL DÖNEM
Topikal Süreli Veya Coğrafi Ad Giriş Elemanı Kadın ve sosyalizm
Form Alt Bölümü Süreli yayınlar
650 ## - KONU KATMA GİRİŞ - TOPİKAL DÖNEM
Topikal Süreli Veya Coğrafi Ad Giriş Elemanı Dünya siyaseti
Form Alt Bölümü Süreli yayınlar
710 ## - KATMA GİRİŞ - KURUMSAL ADI
Giriş Elemanı Olarak Kurumsal Ad Veya Yargı Alanı Adı Socialist İnternational
710 ## - KATMA GİRİŞ - KURUMSAL ADI
Giriş Elemanı Olarak Kurumsal Ad Veya Yargı Alanı Adı Socialist International Women
780 ## - ÖNCEKİ GİRİŞ
Ana Giriş Başlığı Socialist International information
780 ## - ÖNCEKİ GİRİŞ
Ana Giriş Başlığı Socialist International Women (Organization)
Başlık Socialist International Women Bulletin
Uluslararası Standart Süreli Yayın Numarası 0489-3107
910 ## - KULLANICI SEÇENEK, VERİLERİN (OCLC)
Kullanıcı Seçenek Veri DERGİ 11
942 ## - EKLENDİ GİRİŞ ELEMANLARI (KOHA)
Sınıflandırma Veya Raf Düzeni Kaynak Dewey Decimal Classification
Koha Öğesi Türü Serials
999 ## - SİSTEM KONTROL NUMARALARI (KOHA)
Koha Biblionumber 11363
Koha Biblioitemnumber 11363
310 ## - MEVCUT YAYIN FREKANSI
Güncel Yayın Frekansı 3 aylık
655 ## - INDEX DÖNEM - TÜR / FORMU
-- Dergi
Holdings
Kullanım Kısıtlamaları Kalıcı Konum Mevcut Konum Edinme Tarihi Kodlu Konum Eleme Toplam Check-Out'Lar Tam Çağrı Numarası Barkod Tarih Son Görülme İtibaren Geçerli Fiyatlar Sigara Kamu Notu Koha Öğesi Türü
Kütüphane dışına çıkarılamaz CHP Kütüphanesi CHP Kütüphanesi 02/07/2017 SÜRELİ YAYINLAR   050 DER 133 D011 02/07/2017 02/07/2017 Serials